000 01183nam a22002417a 4500
999 _c60105
_d60105
003 Ge_BSU
005 20230608165836.0
008 230608s2005 ge ||||| |||| 00| 0 geo d
041 _ageo
080 _a94(37) მ-97
100 _aმშვილდაძე, მარიკა
_915413
245 _aრომი და აღმოსავლური რელიგიები ახ. წ. I-III სს. /
_c [რედ.: გურამ ლორთქიფანიძე].
264 _aთბილისი :
_bენა და კულტურა,
_c2005.
300 _a333გვ. ;
_b20სმ.
504 _aბიბლიოგრ.: გვ. 289-314.
520 _aრეზ. ინგლ. ენ.
653 _aრელიგიური კულტები
653 _aაღმოსავლეთის ხალხთა რელიგიები.
653 _aძველი რომის ისტორია.
653 _aძველი რომის იმპერიის რელიგიები.
700 _aლორთქიფანიძე, გურამ
_eრედაქტორი
_915412
942 _2udc
_cBK